| 000 | 00498nam a2200169 i 4500 | ||
|---|---|---|---|
| 001 | 94278 | ||
| 003 | ES-MaACL | ||
| 005 | 20230906181436.0 | ||
| 007 | t| | ||
| 008 | 050427s1970 sp ||||1| spa d | ||
| 100 | 1 |
_aLópez de T. Díaz, Francisco de Asís. _973592 |
|
| 245 | 1 | 0 |
_aOro fino _b: (cosas de ronda) / _cpor Francisco de Asis López de T. Diaz. |
| 250 | _a1ª ed. | ||
| 260 |
_aRonda : _bGráf. Sur, _c1970. |
||
| 300 |
_a60 p., 3 h. ; _c19 cm. |
||
| 852 |
_aES-MaACL _jC-47077 _bR.74829 |
||
| 999 |
_c94278 _d94278 |
||